000 02845nam0a2200409 4500
001 RU\NLR\BIBL_A\012620302
005 20211129101708.0
010 _a978-5-8269-0265-3
_9500
021 _aRU
_bКН-П-21-034666
_9КН-П-21-2711
035 _a(NLR Aleph) 012620302
090 _a12636754
_c12636754
100 _a20211014d2020 k y0rusy50 ca
101 0 _arus
_aeng
102 _aRU
105 _aag||z|||000zy
181 0 _ai
_baxxe
182 0 _an
200 1 _aМузыкальная наука в контексте культуры. Музыковедение и вызовы информационной эпохи
_eматериалы международной научной конференции 27-30 октября 2020 года
_fМинистерство культуры Российской Федерации, Российская академия музыки имени Гнесиных при поддержке Российского фонда фундаментальных исследований
_gредактор-составитель: доктор искусствознания - Т. И. Науменко
_gредакционная коллегия: доктор искусствознания Н. С. Гуляницкая [и др.]
203 _aТекст
_bвизуальный
_cнепосредственный
210 _aМосква
_cРАМ
_d2020
215 _a703, [1] с.
_cил., нот.
_d30
300 _aЧасть текста англ.
300 _aНа тит. л. и обл.: Рос. акад. музыки им. Гнесиных 125 лет
320 _aБиблиогр. в конце ст. и в подстроч. примеч.
517 1 _aМузыковедение и вызовы информационной эпохи
606 1 _aМузыка
_jСъезды, совещания и т.п
_9888123
_3RU\NLR\AUTH\66429
686 1 _aЩ31я431
702 1 _4220
_7ca
_8rus
_aНауменко
_bТ. И.
_cд-р искусствоведения
_f1961-
_gТатьяна Ивановна
_920239
_3RU\NLR\AUTH\7737250
702 1 _4340
_7ca
_8rus
_aГуляницкая
_bН. С.
_f1927-
_gНаталия Сергеевна
_9231872
_3RU\NLR\AUTH\770231928
711 1 2 _a"Музыкальная наука в контексте культуры. Музыковедение и вызовы информационной эпохи", международная научная конференция
_eМосква
_f2020
_9773053
_3RU\NLR\AUTH\880553313
712 0 2 _4570
_aРоссийская академия музыки им. Гнесиных
_9279817
_3RU\NLR\AUTH\884210
942 _cBOOK
980 _aNBR
980 _aNB